000 00545nam a2200193Ia 4500
005 20260429112251.0
008 260429s9999||||xx |||||||||||||| ||und||
020 _a9781350348363
041 _aEnglish
082 _a320.6
_bCRO
100 _aCrowcroft, Robert
245 0 _aApplied history and contemporary policymaking :
_bschool of statecraft /
_cRobert Crowcroft
250 _a1st ed.
260 _aLondon :
_bBloomsbury Academic,
_c2024.
300 _axi, 257 p.; pbk
650 _a History
650 _aPolicymaking
942 _cTB
999 _c53211
_d53211